Statystyki dla Największe miasta w Afganistanie

Kliknij tutaj aby rozwiązać quiz!

Ogólne statystyki

  • Ten quiz został rozwiązany 13 razy
  • Średni wynik to 2 z 9

Statystyki odpowiedzi

Ludność ~Nazwa miasta% Poprawnych
3,2 MLNKabul
100%
397 TYSKandahar
50%
436 TYSHerat
42%
368 TYSMazar-i-Szarif
33%
206 TYSDżalalabad
17%
143 TYSKunduz
0%
78 TYSMajmana
0%
101 TYSPol-e-Chomri
0%
76 TYSSzeberghan
0%

Rozkład punktacji

Percentyl według liczby udzielonych odpowiedzi

Procent ludzi z każdym wynikiem

Twoja historia wyników

Nie rozwiązałeś tego quizu